Gago Coutinho Airport Destinations (Faro, Portugal) - Statistics

General Stats
  • This quiz has been taken 135 times
    59 since last reset
  • The average score is 75 of 94
Answer Stats
Airline Destination % Correct
easyJet/Eurowings/Ryanair Berlin
100%
TAP Air Portugal Lisbon
100%
British Airways London (City)
100%
British Airways/easyJet/TUI Airways/Wizz Air London (Gatwick)
100%
British Airways London (Heathrow)
100%
easyJet/Jet2.com/Ryanair London (Luton)
100%
easyJet London (Southend)
100%
Jet2.com/Ryanair London (Stansted)
100%
easyJet/Jet2.com/Ryanair/TUI Airways Manchester
100%
Air France/easyJet Paris (Charles de Gaulle)
100%
easyJet/Transavia Paris (Orly)
100%
easyJet/Ryanair/Vueling Barcelona
97%
Brussels Airlines/Transavia/TUI fly Belgium Brussels
97%
Aer Lingus/Ryanair Dublin
97%
Finnair Helsinki
97%
Iberia/Ryanair Madrid
97%
Norwegian Air Shuttle/Scandinavian Airlines Oslo
97%
Ryanair Rome (Fiumicino)
97%
easyJet/Transavia Amsterdam
94%
Norwegian Air Shuttle/Ryanair/Scandinavian Airlines Copenhagen
94%
Condor/Eurowings/TUI fly Deutschland Dusseldorf
94%
Jet2.com/Ryanair Edinburgh
94%
easyJet/Swiss International Air Lines Geneva
94%
easyJet/Jet2.com Glasgow
94%
Ryanair Glasgow (Prestwick)
94%
Condor/Eurowings/Marabu/TUI fly Deutschland Hamburg
94%
easyJet/Jet2.com/Ryanair Liverpool
94%
Ryanair Marseille
94%
easyJet Milan (Malpensa)
94%
Condor/Lufthansa/Marabu Munich
94%
Transavia Nice
94%
Ryanair Porto
94%
easyJet/Edelweiss Air Zurich
94%
easyJet/Jet2.com/Ryanair Belfast (International)
91%
easyJet/Jet2.com/Ryanair/TUI Airways Birmingham
91%
Air Lingus/Ryanair Cork
91%
Condor/Lufthansa/TUI fly Deutschland Frankfurt
91%
Ryanair Kraków
91%
Jet2.com/Ryanair Leeds/Bradford
91%
easyJet/Transavia/Volotea Lyon
91%
Eurowings/Norwegian Air Shuttle/Scandinavian Airlines Stockholm (Arlanda)
91%
Smartwings Warsaw (Chopin)
91%
Ryanair Warsaw (Modlin)
91%
easyJet/Jet2.com/Ryanair Bristol
88%
Luxair/Ryanair Luxembourg
88%
Jet2.com/Ryanair Newcastle upon Tyne
88%
Ryanair Vienna
88%
Eurowings/Ryanair Cologne/Bonn
84%
Eurowings/Smartwings Prague
84%
Volotea/Vueling Bilbao
81%
Ryanair Cardiff
81%
easyJet/Transavia/Volotea Nantes
81%
Ryanair Toulouse
81%
easyJet Basel/Mulhouse
78%
easyJet/Ryanair/Transavia Bordeaux
78%
Ryanair Budapest
78%
TAP Air Portugal Funchal
78%
Scandinavian Airlines Gothenburg
78%
United Airlines Newark
78%
Eurowings/TUI fly Deutschland Stuttgart
78%
Ryanair Aberdeen
75%
Animawings Bucharest (Otopeni)
75%
Ryanair Hahn
75%
Eurowings/TUI fly Deutschland Hannover
75%
Condor Leipzig/Halle
75%
Play Reykjavik
75%
Azores Airlines Ponta Delgada
72%
Jet2.com/Ryanair/TUI Airways East Midlands
69%
Ryanair/Transavia Eindhoven
69%
Volotea Lille
69%
Transavia Rotterdam/The Hague
69%
Jet2.com/Ryanair Bournemouth
66%
Ryanair Shannon
66%
Smartwings Katowice
63%
easyJet Southampton
63%
Volotea Strasbourg
63%
Air Transat Toronto (Pearson)
63%
Ryanair Nuremberg
59%
Ryanair Bergamo
56%
Ryanair Charleroi
56%
Ryanair Norwich
56%
Ryanair Marrakesh
53%
Ryanair Beauvais
50%
British Airways Derry
50%
Ryanair Knock
50%
Ryanair Memmingen
50%
Ryanair Weeze
50%
Volotea Brest
47%
British Airways Guernsey
41%
Ryanair Karlsruhe/Baden-Baden
41%
Ryanair Newquay
38%
Ryanair Exeter
34%
Ryanair Kerry
34%
Ryanair Teesside
31%
No matching quizzes found
Score Distribution
Percent of People with Each Score
Percentile by Number Answered
Your Score History
You have not taken this quiz since the last reset